[Event "Groningen 2009 - Open A"]
[Site "Groningen NED"]
[Date "2009.12.28"]
[Round "7.5"]
[White "Brandenburg, Daan"]
[Black "Baklan, Vladimir"]
[Result "1/2-1/2"]
[WhiteElo "2481"]
[BlackElo "2655"]
[PlyCount "88"]
[EventDate "2009.12.21"]
[EventType "swiss"]
[EventRounds "9"]
[EventCountry "NED"]
[Source "lmi"]
[SourceDate "2009.12.21"]

1. e4 c5 2. c3 Nf6 3. e5 Nd5 4. Nf3 Nc6 5. Bc4 Nb6 6. Bb3 c4 7. Bc2 Qc7 8. Qe2
g5 9. h3 Bg7 10. O-O Nxe5 11. Nxg5 d5 12. a4 Bd7 13. a5 Nc8 14. d4 cxd3 15.
Bxd3 Nxd3 16. Qxd3 h6 17. Nf3 e6 18. a6 Ne7 19. Re1 bxa6 20. Be3 a5 21. Qd2 e5
22. Na3 Rb8 23. c4 Bc6 24. Bc5 O-O 25. cxd5 Rfd8 26. d6 Qb7 27. Nxe5 Bxg2 28.
Kh2 Qc8 29. Kxg2 Qxc5 30. Nac4 Nc6 31. Qf4 Nxe5 32. Nxe5 Qd5+ 33. Kg1 Rxd6 34.
Rad1 Qxd1 35. Rxd1 Rxd1+ 36. Kg2 Rf8 37. Ng4 Rd5 38. Nxh6+ Bxh6 39. Qxh6 Rfd8
40. Qa6 R8d7 41. h4 Kg7 42. Kg3 Rf5 43. f3 Re7 44. Kg4 Rd5 1/2-1/2

[Event "Groningen 2009 - Open A"]
[Site "Groningen NED"]
[Date "2009.12.28"]
[Round "7.6"]
[White "Deviatkin, Andrei"]
[Black "Meijers, Viesturs"]
[Result "1-0"]
[WhiteElo "2608"]
[BlackElo "2488"]
[PlyCount "77"]
[EventDate "2009.12.21"]
[EventType "swiss"]
[EventRounds "9"]
[EventCountry "NED"]
[Source "lmi"]
[SourceDate "2009.12.21"]

1. d4 Nf6 2. c4 e6 3. g3 d5 4. Nf3 dxc4 5. Qa4+ Nbd7 6. Qxc4 a6 7. Bg2 b5 8.
Qd3 Bb7 9. Bg5 c5 10. O-O h6 11. Bxf6 Nxf6 12. Nc3 Rc8 13. Rac1 Qb6 14. Ne5
Bxg2 15. Kxg2 Rd8 16. Qf3 Rxd4 17. Rfd1 Bd6 18. Rxd4 cxd4 19. Ne4 Bxe5 20. Rc8+
Ke7 21. Rxh8 Nd5 22. Qa3+ b4 23. Qa4 Nc7 24. Kg1 f5 25. Nd2 Qc5 26. Nb3 Qc4 27.
Qa5 Qxe2 28. Qxb4+ Kf7 29. Rf8+ Kg6 30. Qd2 d3 31. Rc8 Bd4 32. Kg2 Bb6 33. a4
Qe4+ 34. Kg1 Nd5 35. Rc5 Bxc5 36. Nxc5 Qd4 37. Nxd3 Qxa4 38. Qe2 Qc6 39. Ne5+
1-0

[Event "Groningen 2009 - Open A"]
[Site "Groningen NED"]
[Date "2009.12.28"]
[Round "7.7"]
[White "Kantans, Toms"]
[Black "Hoffmann, Michael"]
[Result "0-1"]
[WhiteElo "2281"]
[BlackElo "2509"]
[PlyCount "56"]
[EventDate "2009.12.21"]
[EventType "swiss"]
[EventRounds "9"]
[EventCountry "NED"]
[Source "lmi"]
[SourceDate "2009.12.21"]

1. d4 Nf6 2. c4 e6 3. Nc3 Bb4 4. f3 d5 5. a3 Bxc3+ 6. bxc3 c5 7. cxd5 Nxd5 8.
dxc5 f5 9. e4 fxe4 10. Qa4+ Nc6 11. Qxe4 O-O 12. Bd3 Nf6 13. Qe2 Qa5 14. Bd2 e5
15. Bb5 Bf5 16. Qc4+ Kh8 17. Ne2 Rad8 18. Nc1 e4 19. Bxc6 bxc6 20. Nb3 Qc7 21.
O-O e3 22. Bxe3 Bd3 23. Qa4 Bxf1 24. Rxf1 Nd5 25. Bd4 Qe7 26. Qc4 Nf4 27. Bf2
Qe2 28. Qa4 Rd1 0-1

[Event "Groningen 2009 - Open A"]
[Site "Groningen NED"]
[Date "2009.12.28"]
[Round "7.8"]
[White "Bok, Benjamin"]
[Black "Popilski, Gil"]
[Result "1-0"]
[WhiteElo "2337"]
[BlackElo "2441"]
[PlyCount "77"]
[EventDate "2009.12.21"]
[EventType "swiss"]
[EventRounds "9"]
[EventCountry "NED"]
[Source "lmi"]
[SourceDate "2009.12.21"]

1. e4 c5 2. Nf3 d6 3. d4 Nf6 4. Nc3 cxd4 5. Nxd4 a6 6. Bg5 e6 7. f4 Nbd7 8. Qf3
Qc7 9. O-O-O b5 10. Bd3 Bb7 11. Rhe1 Qb6 12. Qe3 O-O-O 13. f5 e5 14. Nb3 Qxe3+
15. Rxe3 Be7 16. Rg3 g6 17. Rf1 b4 18. Nb1 h6 19. Bxf6 Nxf6 20. fxg6 Nxe4 21.
Rg4 Bg5+ 22. Kd1 d5 23. h4 Bf4 24. gxf7 Rhf8 25. Na5 Rd7 26. Nxb7 Kxb7 27. Bxe4
dxe4+ 28. Ke2 Rc8 29. c3 bxc3 30. bxc3 Rxf7 31. g3 h5 32. Rg6 Rcf8 33. gxf4
exf4 34. Nd2 e3 35. Ne4 Ka7 36. Nc5 f3+ 37. Kxe3 Re7+ 38. Kd3 Rd8+ 39. Kc4 1-0

[Event "Groningen 2009 - Open A"]
[Site "Groningen NED"]
[Date "2009.12.28"]
[Round "7.9"]
[White "Kleijn, Christov"]
[Black "Racherbaeumer, Marcel"]
[Result "1-0"]
[WhiteElo "2383"]
[BlackElo "2301"]
[PlyCount "79"]
[EventDate "2009.12.21"]
[EventType "swiss"]
[EventRounds "9"]
[EventCountry "NED"]
[Source "lmi"]
[SourceDate "2009.12.21"]

1. e4 c5 2. Nf3 e6 3. Nc3 Nc6 4. d4 cxd4 5. Nxd4 Qc7 6. Be3 a6 7. Be2 Nf6 8.
O-O Be7 9. f4 d6 10. a4 O-O 11. Kh1 Re8 12. Qd2 Bd7 13. Nb3 Na5 14. Nxa5 Qxa5
15. Bf3 Rac8 16. e5 dxe5 17. fxe5 Qxe5 18. Bxb7 Rcd8 19. Bf4 Qc5 20. Qf2 Qxf2
21. Rxf2 Bc8 22. Bc6 Rf8 23. Rd1 Ng4 24. Rfd2 Rxd2 25. Rxd2 e5 26. Bg3 f5 27.
h3 f4 28. Be1 Ne3 29. Nd5 Bg5 30. Nxe3 fxe3 31. Re2 Bf5 32. Bc3 Be6 33. Bf3 e4
34. Bxe4 Rf1+ 35. Kh2 Bc4 36. Bd3 Bxd3 37. cxd3 Rd1 38. d4 Bf4+ 39. g3 Rd2 40.
Rg2 1-0

[Event "Groningen 2009 - Open A"]
[Site "Groningen NED"]
[Date "2009.12.28"]
[Round "7.10"]
[White "Grover, Sahaj"]
[Black "Ernst, Sipke"]
[Result "1-0"]
[WhiteElo "2372"]
[BlackElo "2587"]
[PlyCount "123"]
[EventDate "2009.12.21"]
[EventType "swiss"]
[EventRounds "9"]
[EventCountry "NED"]
[Source "lmi"]
[SourceDate "2009.12.21"]

1. e4 e5 2. Nf3 Nc6 3. Bb5 a6 4. Ba4 Nf6 5. Qe2 b5 6. Bb3 Bc5 7. d3 O-O 8. Nbd2
Re8 9. c3 d5 10. Nf1 Be6 11. Ng5 Bg4 12. f3 Bc8 13. exd5 Na5 14. Ne4 Nxb3 15.
axb3 Qxd5 16. Nxf6+ gxf6 17. b4 Bb6 18. Ng3 Kh8 19. Be3 f5 20. Bxb6 cxb6 21.
O-O f4 22. Ne4 Re6 23. d4 Rg6 24. Kh1 Be6 25. Rad1 Rag8 26. Nf6 Rxf6 27. dxe5
Qc4 28. Qxc4 Bxc4 29. exf6 Bxf1 30. Rxf1 Rg6 31. Ra1 Rxf6 32. Rxa6 Rd6 33. h4
Kg7 34. Kh2 Kg6 35. Ra7 f6 36. Re7 h5 37. Re4 Rd2 38. Re6 Rxb2 39. Rxb6 Rc2 40.
Rc6 Rd2 41. Rc5 Rc2 42. Kg1 f5 43. Rxb5 Rxc3 44. Rc5 Rb3 45. Rc4 Kf6 46. Rxf4
Ke5 47. Rc4 Kd5 48. Rc5+ Ke6 49. Rb5 Kf6 50. Kh2 Rd3 51. Rb6+ Kg7 52. b5 Rd4
53. Kg3 Rb4 54. Rb8 Kg6 55. b6 Kf7 56. b7 Kg7 57. Kf2 f4 58. Ke2 Rb3 59. Kd2
Kh7 60. Kc2 Rb6 61. Kc3 Kg7 62. Kd4 1-0

[Event "Groningen 2009 - Open A"]
[Site "Groningen NED"]
[Date "2009.12.28"]
[Round "7.11"]
[White "Pruijssers, Roeland"]
[Black "Assendelft van, Floris"]
[Result "1-0"]
[WhiteElo "2413"]
[BlackElo "2325"]
[PlyCount "59"]
[EventDate "2009.12.21"]
[EventType "swiss"]
[EventRounds "9"]
[EventCountry "NED"]
[Source "lmi"]
[SourceDate "2009.12.21"]

1. e4 c5 2. Nf3 d6 3. d4 cxd4 4. Nxd4 Nf6 5. Nc3 Nc6 6. Bg5 Bd7 7. Be2 Qa5 8.
Bxf6 gxf6 9. O-O Rg8 10. Nd5 Nxd4 11. Qxd4 Bg7 12. Qd3 Bc6 13. b4 Qd8 14. Rad1
b5 15. Ne3 Qb6 16. Nf5 a6 17. Bh5 Bf8 18. Qb3 O-O-O 19. Qxf7 Rxg2+ 20. Kxg2
Bxe4+ 21. Bf3 Bxf5 22. c4 bxc4 23. Qxc4+ Kd7 24. Rc1 e6 25. Qh4 d5 26. Qxf6
Qxb4 27. Rfd1 Qf4 28. Qf7+ Be7 29. Bxd5 Rf8 30. Bxe6# 1-0

[Event "Groningen 2009 - Open A"]
[Site "Groningen NED"]
[Date "2009.12.28"]
[Round "7.13"]
[White "Genov, Petar"]
[Black "Poetsch, Hagen"]
[Result "1/2-1/2"]
[WhiteElo "2476"]
[BlackElo "2361"]
[PlyCount "72"]
[EventDate "2009.12.21"]
[EventType "swiss"]
[EventRounds "9"]
[EventCountry "NED"]
[Source "lmi"]
[SourceDate "2009.12.21"]

1. b3 d5 2. Bb2 Bg4 3. g3 Nc6 4. f4 e6 5. Bg2 Nf6 6. Nf3 Bc5 7. d4 Bb6 8. Nbd2
Ne7 9. e3 Ne4 10. Qc1 Nd6 11. Ne5 Bh5 12. O-O c5 13. Qe1 O-O 14. Kh1 Rc8 15. c3
f6 16. Nd3 Bg6 17. Nxc5 Bxc5 18. dxc5 Rxc5 19. e4 dxe4 20. Nxe4 Nxe4 21. Bxe4
Bxe4+ 22. Qxe4 Qd5 23. Rfe1 Kf7 24. Rad1 Qxe4+ 25. Rxe4 Rd5 26. Rxd5 exd5 27.
Rxe7+ Kxe7 28. Ba3+ Ke8 29. Bxf8 Kxf8 30. Kg2 Ke7 31. Kf3 Kd6 32. Ke3 Kc5 33.
Kd3 b5 34. b4+ Kc6 35. g4 g5 36. Ke3 Kd7 1/2-1/2

[Event "Groningen 2009 - Open A"]
[Site "Groningen NED"]
[Date "2009.12.28"]
[Round "7.14"]
[White "Klein, David"]
[Black "Burg, Twan"]
[Result "1/2-1/2"]
[WhiteElo "2262"]
[BlackElo "2460"]
[PlyCount "65"]
[EventDate "2009.12.21"]
[EventType "swiss"]
[EventRounds "9"]
[EventCountry "NED"]
[Source "lmi"]
[SourceDate "2009.12.21"]

1. e4 c5 2. Nf3 d6 3. d4 cxd4 4. Nxd4 Nf6 5. Nc3 a6 6. h3 Qa5 7. Nb3 Qc7 8. g4
e6 9. Bg2 Nc6 10. O-O Be7 11. Qe2 b5 12. a3 Nd7 13. f4 Rb8 14. Re1 Nc5 15. Nxc5
dxc5 16. Be3 O-O 17. e5 Bb7 18. Ne4 Na5 19. b3 Bd5 20. Qf2 Qc6 21. Bd2 Nb7 22.
c4 bxc4 23. bxc4 Bxe4 24. Bxe4 Qa4 25. f5 f6 26. Rab1 Na5 27. Rxb8 Rxb8 28.
fxe6 Nxc4 29. Qh4 h6 30. Bxh6 Nxe5 31. Bxg7 Nf3+ 32. Bxf3 Kxg7 33. Qh5 1/2-1/2

[Event "Groningen 2009 - Open A"]
[Site "Groningen NED"]
[Date "2009.12.28"]
[Round "7.15"]
[White "Saravanan, Venkatachalam"]
[Black "Bijlsma, Nick"]
[Result "1-0"]
[WhiteElo "2356"]
[BlackElo "2075"]
[PlyCount "75"]
[EventDate "2009.12.21"]
[EventType "swiss"]
[EventRounds "9"]
[EventCountry "NED"]
[Source "lmi"]
[SourceDate "2009.12.21"]

1. Nf3 Nf6 2. c4 g6 3. Nc3 d5 4. cxd5 Nxd5 5. Qa4+ Nc6 6. Ne5 Qd6 7. Nxc6 Qxc6
8. Qxc6+ bxc6 9. g3 Bg7 10. Bg2 Be6 11. O-O Rb8 12. Nxd5 cxd5 13. Rb1 Kd7 14.
d3 Rb6 15. b3 Rhb8 16. Bf4 Rc8 17. Rbc1 Rc6 18. Be3 Bb2 19. Rxc6 Kxc6 20. Rb1
Be5 21. Rc1+ Kb7 22. b4 c6 23. Bc5 Bd6 24. Kf1 a5 25. bxa5 Ka6 26. Bb6 Bd7 27.
d4 Bc7 28. Bxc7 Rxc7 29. Bxd5 e6 30. Be4 Kxa5 31. Ke1 Kb5 32. Bd3+ Kb4 33. Kd2
Ra7 34. Rb1+ Ka3 35. Bc4 Ra4 36. Kc3 c5 37. Rb3+ Kxa2 38. Rb7+ 1-0

[Event "Groningen 2009 - Open A"]
[Site "Groningen NED"]
[Date "2009.12.28"]
[Round "7.16"]
[White "Efroimski, Marsel"]
[Black "Caspi, Israel"]
[Result "0-1"]
[WhiteElo "2150"]
[BlackElo "2423"]
[PlyCount "63"]
[EventDate "2009.12.21"]
[EventType "swiss"]
[EventRounds "9"]
[EventCountry "NED"]
[Source "lmi"]
[SourceDate "2009.12.21"]

1. e4 c5 2. Nf3 Nc6 3. d4 cxd4 4. Nxd4 Nf6 5. Nc3 d6 6. Bg5 e6 7. Qd2 Be7 8.
O-O-O a6 9. f3 Bd7 10. g4 b5 11. Nxc6 Bxc6 12. h4 O-O 13. Ne2 Rc8 14. Nd4 Bb7
15. Kb1 Nd7 16. Qh2 Re8 17. Bc1 Qc7 18. Bg5 d5 19. e5 Nxe5 20. Bf4 Bd6 21. Bxb5
Red8 22. Bd3 Nxd3 23. Bxd6 Qxd6 24. Qxd6 Rxd6 25. Rxd3 e5 26. Nf5 Re6 27. Re1
d4 28. f4 Rce8 29. Kc1 f6 30. fxe5 Rxe5 31. Rxe5 Rxe5 32. Rxd4 0-1

[Event "Groningen 2009 - Open A"]
[Site "Groningen NED"]
[Date "2009.12.28"]
[Round "7.17"]
[White "Wiel van der, John"]
[Black "Haast, Anne"]
[Result "1-0"]
[WhiteElo "2475"]
[BlackElo "2251"]
[PlyCount "29"]
[EventDate "2009.12.21"]
[EventType "swiss"]
[EventRounds "9"]
[EventCountry "NED"]
[Source "lmi"]
[SourceDate "2009.12.21"]

1. e4 e5 2. Nf3 Nc6 3. d4 exd4 4. Nxd4 Nf6 5. Nxc6 bxc6 6. e5 Qe7 7. Qe2 Nd5 8.
Nd2 g6 9. Nf3 Bg7 10. c4 Ba6 11. Bg5 Qc5 12. a3 Qa5+ 13. Bd2 Qb6 14. b4 O-O 15.
b5 1-0

[Event "Groningen 2009 - Open A"]
[Site "Groningen NED"]
[Date "2009.12.28"]
[Round "7.18"]
[White "Theulings, Paul-Peter"]
[Black "Berkovich, Mark A"]
[Result "0-1"]
[WhiteElo "2135"]
[BlackElo "2406"]
[PlyCount "88"]
[EventDate "2009.12.21"]
[EventType "swiss"]
[EventRounds "9"]
[EventCountry "NED"]
[Source "lmi"]
[SourceDate "2009.12.21"]

1. Nf3 c5 2. c4 Nc6 3. d4 cxd4 4. Nxd4 g6 5. Nc3 Bg7 6. Nc2 d6 7. Bd2 Nh6 8. g3
Nf5 9. Bg2 Be6 10. b3 h5 11. h4 O-O 12. O-O Qd7 13. Rc1 Nh6 14. Re1 Bh3 15. Bh1
Nf5 16. Ne3 Be5 17. Nxf5 Bxf5 18. Bh6 Rfe8 19. Nd5 Bb2 20. e4 Bg4 21. f3 Bxc1
22. Bxc1 Be6 23. Bb2 Ne5 24. Nf4 f6 25. Nxe6 Qxe6 26. f4 Qg4 27. fxe5 Qxg3+ 28.
Bg2 dxe5 29. Rf1 Rad8 30. Qc1 Rd3 31. Ba3 Qxh4 32. Bc5 Qg4 33. Be3 Red8 34. Kf2
Rd1 35. Rxd1 Qxd1 36. Qa3 Qc2+ 37. Kf3 Kf7 38. Qxa7 g5 39. Bf1 g4+ 40. Kg3 h4+
41. Kxg4 Qd1+ 42. Kxh4 Qxf1 43. Bf2 Qg2 44. Bb6 Rh8# 0-1

[Event "Groningen 2009 - Open A"]
[Site "Groningen NED"]
[Date "2009.12.28"]
[Round "7.19"]
[White "Hoeksema, Erik"]
[Black "Hirth, Ulrich"]
[Result "1-0"]
[WhiteElo "2331"]
[BlackElo "2108"]
[PlyCount "63"]
[EventDate "2009.12.21"]
[EventType "swiss"]
[EventRounds "9"]
[EventCountry "NED"]
[Source "lmi"]
[SourceDate "2009.12.21"]

1. e4 g6 2. d4 Bg7 3. Nc3 c6 4. Nf3 d5 5. h3 Nf6 6. e5 Ne4 7. Nxe4 dxe4 8. Ng5
c5 9. c3 cxd4 10. cxd4 Nc6 11. Bc4 O-O 12. Be3 b5 13. Bb3 Bb7 14. O-O h6 15.
Nxe4 Nxd4 16. Qxd4 Qxd4 17. Bxd4 Bxe4 18. Rfe1 Bb7 19. Bc5 Rfe8 20. Rad1 Bc6
21. e6 f5 22. Rd7 Kf8 23. Rc7 Rac8 24. Bxe7+ Kg8 25. Rxc8 Rxc8 26. Rc1 a5 27.
Bd5 Bxd5 28. Rxc8+ Kh7 29. b3 Bxe6 30. Rc5 b4 31. Rxa5 Bc3 32. Rb5 1-0

[Event "Groningen 2009 - Open A"]
[Site "Groningen NED"]
[Date "2009.12.28"]
[Round "7.20"]
[White "Genova, Lyubka"]
[Black "Mostertman, Milan"]
[Result "1-0"]
[WhiteElo "2263"]
[BlackElo "2169"]
[PlyCount "41"]
[EventDate "2009.12.21"]
[EventType "swiss"]
[EventRounds "9"]
[EventCountry "NED"]
[Source "lmi"]
[SourceDate "2009.12.21"]

1. e4 d5 2. exd5 Qxd5 3. Nc3 Qd6 4. Bc4 Nf6 5. Nge2 a6 6. a4 Qc6 7. d3 Qxg2 8.
Rg1 Qxh2 9. Bf4 Qh5 10. Bxc7 g6 11. Ne4 Bg7 12. Ng5 O-O 13. Qd2 Nc6 14. O-O-O
b5 15. Ba2 Ra7 16. Bf4 bxa4 17. f3 Rb7 18. c3 Be6 19. Bxe6 fxe6 20. Rh1 Na5 21.
Qe3 1-0

[Event "Groningen 2009 - Open A"]
[Site "Groningen NED"]
[Date "2009.12.28"]
[Round "7.22"]
[White "Donker, Roel"]
[Black "Heemskerk, Wim"]
[Result "0-1"]
[WhiteElo "2140"]
[BlackElo "2236"]
[PlyCount "78"]
[EventDate "2009.12.21"]
[EventType "swiss"]
[EventRounds "9"]
[EventCountry "NED"]
[Source "lmi"]
[SourceDate "2009.12.21"]

1. d4 e6 2. g3 f5 3. Bg2 Nf6 4. Nf3 d5 5. O-O Bd6 6. c4 c6 7. Bf4 Bxf4 8. gxf4
O-O 9. Ne5 Nbd7 10. Nc3 Ne4 11. Nxe4 fxe4 12. e3 Nxe5 13. dxe5 Bd7 14. Qd2 Be8
15. c5 Kh8 16. f3 exf3 17. Rxf3 Bg6 18. Rf2 Bf5 19. Rd1 g5 20. Kh1 gxf4 21.
Rxf4 Qg5 22. Rg1 Rg8 23. Rff1 Qe7 24. Qd4 Rg4 25. Rf4 Rag8 26. b4 R8g5 27. a3
Qg7 28. Rxg4 Rxg4 29. Qd1 Rxg2 30. Rxg2 Be4 31. Qf1 Bxg2+ 32. Qxg2 Qxe5 33. Qf2
Qe4+ 34. Kg1 Kg7 35. h4 Qg4+ 36. Kh2 e5 37. Qe1 Kg6 38. Qf2 Qf5 39. Qg3+ Kh5
0-1

[Event "Groningen 2009 - Open A"]
[Site "Groningen NED"]
[Date "2009.12.28"]
[Round "7.23"]
[White "Lyell, Mark"]
[Black "Groenewold, Jan Joris"]
[Result "0-1"]
[WhiteElo "2245"]
[BlackElo "2145"]
[PlyCount "76"]
[EventDate "2009.12.21"]
[EventType "swiss"]
[EventRounds "9"]
[EventCountry "NED"]
[Source "lmi"]
[SourceDate "2009.12.21"]

1. e4 e5 2. f4 exf4 3. Nf3 Ne7 4. Nc3 Ng6 5. Bc4 Be7 6. O-O d6 7. d3 Be6 8.
Bxe6 fxe6 9. Nd4 Qd7 10. Qg4 e5 11. Nf5 Bf6 12. g3 fxg3 13. hxg3 Nc6 14. Nxg7+
Bxg7 15. Qxd7+ Kxd7 16. Rf7+ Nge7 17. Rxg7 Rag8 18. Rxg8 Rxg8 19. Ne2 Nb4 20.
Bd2 Nxc2 21. Rc1 Nd4 22. Nxd4 exd4 23. Kg2 Nc6 24. Rh1 Rg7 25. Bh6 Rf7 26. Rd1
Ne5 27. Bf4 c5 28. Bxe5 dxe5 29. Rh1 b5 30. b3 c4 31. bxc4 bxc4 32. dxc4 Kc6
33. Rh5 d3 34. Rh1 Kc5 35. Rc1 d2 36. Rd1 Rd7 37. Kf2 Kxc4 38. Ke2 Kc3 0-1

[Event "Groningen 2009 - Open A"]
[Site "Groningen NED"]
[Date "2009.12.28"]
[Round "7.24"]
[White "Piasetski, Leon"]
[Black "Nabuurs, Joep"]
[Result "1-0"]
[WhiteElo "2269"]
[BlackElo "2191"]
[PlyCount "49"]
[EventDate "2009.12.21"]
[EventType "swiss"]
[EventRounds "9"]
[EventCountry "NED"]
[Source "lmi"]
[SourceDate "2009.12.21"]

1. Nf3 f5 2. g3 Nf6 3. Bg2 g6 4. O-O Bg7 5. d4 O-O 6. Nbd2 d6 7. Re1 Nc6 8. e4
Nxe4 9. Nxe4 fxe4 10. Rxe4 Bf5 11. Rh4 Qd7 12. c3 d5 13. Bh6 Bxh6 14. Rxh6 Bg4
15. h3 Bxf3 16. Bxf3 Qf5 17. Kg2 e5 18. Bxd5+ Kg7 19. Qd2 exd4 20. Bxc6 dxc3
21. bxc3 Rad8 22. Qe3 bxc6 23. Rh4 Rd3 24. Qh6+ Kg8 25. Qxh7# 1-0

[Event "Groningen 2009 - Open A"]
[Site "Groningen NED"]
[Date "2009.12.28"]
[Round "7.25"]
[White "Afek, Yochanan"]
[Black "Cako, Laszlo"]
[Result "1-0"]
[WhiteElo "2285"]
[BlackElo "2155"]
[PlyCount "49"]
[EventDate "2009.12.21"]
[EventType "swiss"]
[EventRounds "9"]
[EventCountry "NED"]
[Source "lmi"]
[SourceDate "2009.12.21"]

1. c4 Nf6 2. Nc3 e6 3. g3 d5 4. d4 c6 5. Bg2 Be7 6. Nf3 b6 7. O-O Ba6 8. Ne5
Nfd7 9. Nxd7 Nxd7 10. cxd5 cxd5 11. Bf4 b5 12. a4 b4 13. Nb5 Bxb5 14. axb5 Qb6
15. Qd3 O-O 16. Ra6 Qb7 17. Rc1 Rfc8 18. Rac6 Bd8 19. e4 Nb6 20. exd5 Nxd5 21.
Bxd5 exd5 22. Qf5 Rxc6 23. bxc6 Qc8 24. Qxd5 Be7 25. c7 1-0

[Event "Groningen 2009 - Open A"]
[Site "Groningen NED"]
[Date "2009.12.28"]
[Round "7.26"]
[White "Jellema, Yme Jan"]
[Black "Slagter, David"]
[Result "1-0"]
[WhiteElo "2193"]
[BlackElo "2108"]
[PlyCount "83"]
[EventDate "2009.12.21"]
[EventType "swiss"]
[EventRounds "9"]
[EventCountry "NED"]
[Source "lmi"]
[SourceDate "2009.12.21"]

1. e4 e6 2. d4 d5 3. Nc3 Nf6 4. e5 Nfd7 5. f4 c5 6. Nf3 Nc6 7. Be3 Qb6 8. Na4
Qa5+ 9. c3 cxd4 10. b4 Nxb4 11. cxb4 Bxb4+ 12. Bd2 Bxd2+ 13. Nxd2 b6 14. Be2
Ba6 15. Bxa6 Qxa6 16. Nf3 Nc5 17. Nxc5 bxc5 18. Qe2 Qa5+ 19. Qd2 Qa3 20. O-O
Rb8 21. Qc1 Qc3 22. Rf2 Rb5 23. Rc2 Qe3+ 24. Qxe3 dxe3 25. Rac1 Kd7 26. Nd4 Rb7
27. Rxc5 Rhb8 28. Nb3 f6 29. exf6 gxf6 30. Kf1 Rg8 31. g3 h5 32. Ke2 h4 33. Kf3
hxg3 34. hxg3 e5 35. Rxd5+ Ke6 36. Rd3 Rbg7 37. Nc5+ Kf5 38. Ne4 e2 39. Rd6
e1=N+ 40. Rxe1 exf4 41. Rxf6+ Ke5 42. gxf4+ 1-0

[Event "Groningen 2009 - Open A"]
[Site "Groningen NED"]
[Date "2009.12.28"]
[Round "7.27"]
[White "Sparenberg, Erik"]
[Black "Balje, Jan"]
[Result "1-0"]
[WhiteElo "2072"]
[BlackElo "2188"]
[PlyCount "43"]
[EventDate "2009.12.21"]
[EventType "swiss"]
[EventRounds "9"]
[EventCountry "NED"]
[Source "lmi"]
[SourceDate "2009.12.21"]

1. e4 c5 2. Nf3 e6 3. d4 cxd4 4. Nxd4 Nc6 5. Nc3 Qc7 6. Be3 a6 7. Be2 Nf6 8.
O-O d6 9. a4 Be7 10. f4 O-O 11. f5 Rd8 12. fxe6 fxe6 13. Qe1 Ne5 14. Qg3 Nc4
15. Bh6 g6 16. Rf2 Qb6 17. Nf5 exf5 18. Bxc4+ d5 19. Nxd5 Nxd5 20. Bxd5+ Rxd5
21. exd5 Bf6 22. c3 1-0

[Event "Groningen 2009 - Open A"]
[Site "Groningen NED"]
[Date "2009.12.28"]
[Round "7.28"]
[White "Warmelink, Evie"]
[Black "Rauw, Gert Jan"]
[Result "1-0"]
[WhiteElo "1970"]
[BlackElo "2070"]
[PlyCount "77"]
[EventDate "2009.12.21"]
[EventType "swiss"]
[EventRounds "9"]
[EventCountry "NED"]
[Source "lmi"]
[SourceDate "2009.12.21"]

1. e4 c6 2. d4 d5 3. Bd3 dxe4 4. Bxe4 Nf6 5. Bf3 c5 6. d5 Nbd7 7. c4 Ne5 8. Be2
b5 9. b3 e6 10. Bb2 Ng6 11. Nf3 bxc4 12. bxc4 exd5 13. cxd5 Qxd5 14. Nbd2 Be7
15. Bc4 Qc6 16. O-O O-O 17. Re1 Bb7 18. Qb3 Rab8 19. Rad1 Ba6 20. Qc2 Bxc4 21.
Nxc4 Rfd8 22. Nfe5 Rxd1 23. Rxd1 Nxe5 24. Nxe5 Qb7 25. Qc4 Bf8 26. Bc3 Nd5 27.
Ba1 Nb6 28. Qf4 Re8 29. h3 Qc7 30. Rd7 Qxd7 31. Nxd7 Nxd7 32. Bc3 Nb6 33. Qg4
Re6 34. a4 Rd6 35. a5 Nd5 36. Bb2 Nb4 37. Qc8 Rd2 38. Be5 Ra2 39. Bd6 1-0

[Event "Groningen 2009 - Open A"]
[Site "Groningen NED"]
[Date "2009.12.28"]
[Round "7.29"]
[White "Potze, Rudolf"]
[Black "Holm, Sejer"]
[Result "0-1"]
[WhiteElo "2132"]
[BlackElo "2256"]
[PlyCount "92"]
[EventDate "2009.12.21"]
[EventType "swiss"]
[EventRounds "9"]
[EventCountry "NED"]
[Source "lmi"]
[SourceDate "2009.12.21"]

1. e4 e6 2. d4 d5 3. e5 c5 4. c3 Qb6 5. Nf3 Bd7 6. Be2 cxd4 7. cxd4 Bb5 8. O-O
Bxe2 9. Qxe2 Ne7 10. Be3 Nd7 11. Nc3 Nc6 12. Rac1 Be7 13. Rfd1 O-O 14. h4 Rae8
15. Qd3 f6 16. exf6 Nxf6 17. Na4 Qb4 18. Nc5 Bxc5 19. Rxc5 a6 20. a3 Qa4 21.
Rdc1 Ne4 22. Ng5 Nxg5 23. hxg5 Re7 24. b3 Qxa3 25. Qc3 a5 26. Qd3 a4 27. R1c3
axb3 28. Rxb3 Qa1+ 29. Rc1 Qa7 30. g6 hxg6 31. Qxg6 Rf6 32. Qg4 Ref7 33. Rbc3
Qb8 34. g3 e5 35. dxe5 Qxe5 36. Qc8+ Rf8 37. Qxb7 Nd4 38. Rc7 Ne2+ 39. Kg2 Qe4+
40. Kh3 Qh7+ 41. Kg2 Qe4+ 42. Kh3 Rg6 43. Rd1 Qf5+ 44. Kh2 Rh6+ 45. Bxh6 Qxf2+
46. Kh1 Nxg3# 0-1

[Event "Groningen 2009 - Open A"]
[Site "Groningen NED"]
[Date "2009.12.28"]
[Round "7.30"]
[White "Thompson, Ian D"]
[Black "Vergert ten, Paul"]
[Result "1-0"]
[WhiteElo "2266"]
[BlackElo "2071"]
[PlyCount "77"]
[EventDate "2009.12.21"]
[EventType "swiss"]
[EventRounds "9"]
[EventCountry "NED"]
[Source "lmi"]
[SourceDate "2009.12.21"]

1. Nf3 c5 2. c4 Nc6 3. Nc3 Nf6 4. g3 g6 5. Bg2 Bg7 6. d4 cxd4 7. Nxd4 Nxd4 8.
Qxd4 d6 9. O-O O-O 10. Qd3 Bf5 11. e4 Be6 12. Bd2 Nd7 13. b3 Ne5 14. Qe2 Nc6
15. Rac1 Nd4 16. Qd3 Qd7 17. Be3 Nc6 18. Rfd1 Rfc8 19. Qe2 Ne5 20. f3 b6 21.
Qf1 f5 22. Bd4 Rf8 23. f4 fxe4 24. Nxe4 Rae8 25. Qe1 Nc6 26. Bxg7 Kxg7 27. Qc3+
Kh6 28. Rd2 Bg4 29. Nf2 Rc8 30. Re1 Bf5 31. h3 e5 32. fxe5 Qf7 33. exd6 Bd7 34.
Re4 g5 35. h4 Rce8 36. hxg5+ Kg6 37. Rf4 Re1+ 38. Kh2 Qg7 39. Qd3+ 1-0

[Event "Groningen 2009 - Open A"]
[Site "Groningen NED"]
[Date "2009.12.29"]
[Round "8.1"]
[White "Werle, Jan"]
[Black "Nyzhnyk, Illya"]
[Result "1/2-1/2"]
[WhiteElo "2565"]
[BlackElo "2494"]
[PlyCount "93"]
[EventDate "2009.12.21"]
[EventType "swiss"]
[EventRounds "9"]
[EventCountry "NED"]
[Source "lmi"]
[SourceDate "2009.12.21"]

1. d4 d5 2. c4 dxc4 3. e3 Nf6 4. Bxc4 e6 5. Nf3 c5 6. O-O a6 7. dxc5 Bxc5 8.
Qxd8+ Kxd8 9. Ne5 Ke7 10. Be2 Nbd7 11. Nd3 Bd6 12. Nd2 b5 13. Nb3 Bb7 14. Na5
Bd5 15. f3 Rac8 16. e4 Ba8 17. a4 Rc2 18. Bd1 Rc7 19. Bd2 Nc5 20. e5 Nxd3 21.
exd6+ Kxd6 22. axb5 axb5 23. Be2 Rc2 24. Rfd1 Nxb2 25. Bb4+ Kc7 26. Rdc1 Rxc1+
27. Rxc1+ Kb6 28. Rc5 Nc4 29. Bxc4 bxc4 30. Nxc4+ Ka6 31. Ra5+ Kb7 32. Rb5+ Ka6
33. Ra5+ Kb7 34. Ne5 Kb6 35. Nc4+ Kb7 36. Bc5 Nd7 37. Nd6+ Kc6 38. Nxf7 Re8 39.
Be3 Bb7 40. Ra4 Nf6 41. Ne5+ Kc7 42. Rc4+ Kd6 43. Nf7+ Kd7 44. Rb4 Bd5 45. Ne5+
Kd6 46. Nd3 Ke7 47. Ra4 1/2-1/2